书目信息 |
| 题名: |
西方现代设计艺术史
|
|
| 作者: | 黄占军 著 | |
| 分册: | ||
| 出版信息: | 济南 山东教育出版社 2002 |
|
| 页数: | 274页 | |
| 开本: | 24cm | |
| 丛书名: | ||
| 单 册: | ||
| 中图分类: | J509.1 | |
| 科图分类: | ||
| 主题词: | 工艺美术--艺术理论 | |
| 电子资源: | ||
| ISBN: | 7-5328-3491-3 | |
| 000 | 00613nam0 2200205 450 | |
| 001 | 0752743874 | |
| 005 | 20070626151738.48 | |
| 010 | @a7-5328-3491-3@dCNY32.20 | |
| 100 | @a20070621d2002 km y0chiy0120 ea | |
| 101 | 0 | @achi |
| 102 | @aCN@b370000 | |
| 200 | 1 | @a西方现代设计艺术史@Axi fang xian dai she ji yi shu shi@f黄占军著@Fhuang zhan jun zhu |
| 210 | @a济南@c山东教育出版社@d2002 | |
| 215 | @a274页@c图@d24cm | |
| 300 | @a高等院校设计艺术专业系列教材 | |
| 606 | 0 | @a工艺美术@x艺术理论 |
| 690 | @aJ509.1@v3 | |
| 701 | 0 | @a黄占军@Ahuang zhan jun@4著 |
| 801 | 0 | @aCN@bPFT@c20070626 |
| 905 | @a10447@dJ509.1@e235 | |
| 西方现代设计艺术史/黄占军著.-济南:山东教育出版社,2002 |
| 274页:图;24cm |
| 高等院校设计艺术专业系列教材 |
| ISBN 7-5328-3491-3:CNY32.20 |
| ● |
| 相关链接 |
|
|
|
|
正题名:西方现代设计艺术史
索取号:J509.1/235
 
预约/预借
| 序号 | 登录号 | 条形码 | 馆藏地/架位号 | 状态 | 备注 |
| 1 | 0659960 | 206599607 | 第一样本阅览室/ [索取号:J509.1/235] | 在馆 | |
| 2 | 0659961 | 206599616 | 密集书库/ [索取号:J509.1/235] | 在馆 | |
| 3 | 0659962 | 206599625 | 密集书库/ [索取号:J509.1/235] | 在馆 | |
| 4 | 0659963 | 206599634 | 密集书库/ [索取号:J509.1/235] | 在馆 | |
| 5 | 0659964 | 206599643 | 密集书库/ [索取号:J509.1/235] | 在馆 | |
| 6 | 0659965 | 206599652 | 库房3/ [索取号:J509.1/235] | 在馆 | |
| 7 | 0659966 | 206599661 | 库房3/ [索取号:J509.1/235] | 在馆 | |
| 8 | 0659967 | 206599670 | 库房3/ [索取号:J509.1/235] | 在馆 | |
| 9 | 0659968 | 206599689 | 库房3/ [索取号:J509.1/235] | 在馆 | |
| 10 | 0659969 | 206599698 | 库房3/ [索取号:J509.1/235] | 在馆 | |
| 11 | 0659970 | 206599705 | 库房3/ [索取号:J509.1/235] | 在馆 | |
| 12 | 0659971 | 206599714 | 库房3/ [索取号:J509.1/235] | 在馆 | |
| 13 | 0659972 | 206599723 | 库房3/ [索取号:J509.1/235] | 在馆 | |
| 14 | 0659973 | 206599732 | 库房3/ [索取号:J509.1/235] | 在馆 | |
| 15 | 0659974 | 206599741 | 库房3/ [索取号:J509.1/235] | 在馆 | |
| 16 | 0659975 | 206599750 | 库房3/ [索取号:J509.1/235] | 在馆 | |
| 17 | 0659976 | 206599769 | 库房3/ [索取号:J509.1/235] | 在馆 | |
| 18 | 0659977 | 206599778 | 库房3/ [索取号:J509.1/235] | 在馆 | |
| 19 | 0659978 | 206599787 | 库房3/ [索取号:J509.1/235] | 在馆 | |
| 20 | 0659979 | 206599796 | 库房3/ [索取号:J509.1/235] | 在馆 | |
| 21 | 0683719 | 206837191 | 库房3/ [索取号:J509.1/235] | 在馆 | |
| 22 | 0683720 | 206837208 | 库房3/ [索取号:J509.1/235] | 在馆 | |
| 23 | 0683721 | 206837217 | 库房3/ [索取号:J509.1/235] | 在馆 | |
| 24 | 0683722 | 206837226 | 库房3/ [索取号:J509.1/235] | 在馆 | |
| 25 | 0683723 | 206837235 | 库房3/ [索取号:J509.1/235] | 在馆 | |
| 26 | 0683724 | 206837244 | 库房3/ [索取号:J509.1/235] | 在馆 | |
| 27 | 0683725 | 206837253 | 库房3/ [索取号:J509.1/235] | 在馆 | |
| 28 | 0683726 | 206837262 | 库房3/ [索取号:J509.1/235] | 在馆 | |
| 29 | 0683727 | 206837271 | 库房3/ [索取号:J509.1/235] | 在馆 |